| 000 -LEADER |
| fixed length control field |
00837cam a2200265 i 4500 |
| 005 - DATE AND TIME OF LATEST TRANSACTION |
| control field |
20131011074351.0 |
| 008 - FIXED-LENGTH DATA ELEMENTS--GENERAL INFORMATION |
| fixed length control field |
870514s1977 nyua b 001 0 eng |
| 020 ## - INTERNATIONAL STANDARD BOOK NUMBER |
| International Standard Book Number |
039309183X |
| 041 0# - LANGUAGE CODE |
| Language code of text/sound track or separate title |
eng |
| 080 ## - UNIVERSAL DECIMAL CLASSIFICATION NUMBER |
| Universal Decimal Classification number |
172.15 |
| 100 1# - Rafti |
| Rafti |
Rich, Norman. |
| 245 14 - TITLE STATEMENT |
| Title |
The age of nationalism and reform, 1850-1890 / |
| Statement of responsibility, etc |
Norman Rich ; [cartography by Harold K. Faye, picture research by Liesel Bennett]. |
| 250 ## - |
| -- |
2d ed. |
| 260 ## - |
| -- |
New York : |
| -- |
Norton, |
| -- |
c1977. |
| 300 ## - |
| -- |
xv, 270 p. : |
| -- |
ill. ; |
| -- |
21 cm. |
| 490 1# - |
| -- |
The Norton history of modern Europe |
| 500 ## - |
| -- |
Includes index. |
| 504 ## - BIBLIOGRAPHY, ETC. NOTE |
| Bibliography, etc |
Bibliography: p. 251-260. |
| 650 #0 - |
| -- |
Nacionalizmi |
| 650 #0 - |
| -- |
Reformacioni |
| 651 #0 - |
| -- |
Europe |
| -- |
History |
| -- |
1848-1871. |
| 651 #0 - |
| -- |
Europe |
| -- |
History |
| -- |
1871-1918. |
| 830 #0 - |
| -- |
Norton history of modern Europe. |
| 942 ## - ADDED ENTRY ELEMENTS (KOHA) |
| Source of classification or shelving scheme |
|
| Item type |
Books |